000 00669nam a2200193 u 4500
001 000253596
003 AM-YeHGA
005 20250617125109.0
008 030812s1990 ||| r 000 0 rus d
020 _a5265012923
040 _aAM-YeHGA
100 1 _aСавельев, Владимир Семенович
245 1 0 _aСемья :
_bСтихи /
_cВладимир Савельев ; Худож. В. Локшин.
260 _aМосква :
_bСов. писатель,
_c1990.
300 _a176 с.
_bил., портр.
653 0 _aРусская советская поэзия
700 1 _aЛокшин, Валерий
_eхудож.
_4art
090 _c92438
999 _c91143
_d91143